Religion of the Samurai (Record no. 1239)

MARC details
000 -LEADER
fixed length control field 00552nam a2200229 a 4500
020 ## - INTERNATIONAL STANDARD BOOK NUMBER
ISBN
082 00 - DEWEY DECIMAL CLASSIFICATION NUMBER
Classification number 294.3927
Author Cutter NUK
100 ## - MAIN ENTRY--AUTHOR NAME
Author name Nukariya, Kaiten
245 ## - TITLE STATEMENT
Title Religion of the Samurai
260 ## - PUBLICATION, DISTRIBUTION, ETC. (IMPRINT)
Place of publication Chennai
Name of publisher Lilly Soosai Opset
Year of publication 1993
300 ## - PHYSICAL DESCRIPTION
Number of Pages 253p
500 ## - GENERAL NOTE
General note includes index and biblioraphy
650 ## - SUBJECT ADDED ENTRY--TOPICAL TERM
Topical Term Buddhism-Zen
942 ## - ADDED ENTRY ELEMENTS (KOHA)
Koha item type Books
700 1# -
-- Nukariya, Kaiten
Holdings
Collection code Home library Current library Date acquired Cost, normal purchase price Full call number Accession Number Koha item type
  Henry Martyn Institute Library Henry Martyn Institute Library 07/26/2007 100.00 294.3927 NUK 00272 Books
                   Copyright © 2026 | Henry Martyn Institute | Hyderabad | TS-500052 | INDIA | Implemented by hmi.edu.in
Hit-Count:

Powered by Koha